[Event "Chelyabinskiy variant-A 2021"]
[Site "Chelyabinsk"]
[Date "2021.03.23"]
[Round "1.1"]
[White "Barseghyan, Armen Ar."]
[Black "Ponkratov, Pavel"]
[Result "1/2-1/2"]
[WhiteElo "2360"]
[BlackElo "2619"]
[Annotator "RC"]
[PlyCount "62"]
[EventDate "2021.03.23"]
[EventType "swiss"]
[EventCountry "RUS"]
[SourceTitle "playchess.com"]
[Source "ChessBase"]
[SourceQuality "1"]
[TimeControl "5400+30"]

1. d4 {[%emt 0:00:00]} Nf6 {[%emt 0:00:00]} 2. c4 {[%emt 0:00:03]} g6 {[%emt 0:00:24]} 3. Nc3 {[%emt 0:00:20]} d5 {[%emt 0:00:05]} 4. cxd5 {[%emt 0:00:14]} Nxd5 {[%emt 0:00:05]} 5. g3 {[%emt 0:00:08]} Bg7 {[%emt 0:01:52]} 6. Bg2 {[%emt 0:00:24]} Nb6 {[%emt 0:00:13]} 7. Bf4 {[%emt 0:00:28]} O-O {[%emt 0:00:38]} 8. Be5 {[%emt 0:00:20]} Bxe5 {[%emt 0:01:38]} 9. dxe5 {[%emt 0:00:48]} c6 {[%emt 0:00:05]} 10. Qc1 {[%emt 0:00:34]} Nc4 {[%emt 0:03:51]} 11. Nf3 {[%emt 0:01:38]} Qa5 {[%emt 0:07:41]} 12. Qh6 {[%emt 0:16:28]} f6 {[%emt 0:00:20]} 13. exf6 {[%emt 0:00:17]} exf6 {[%emt 0:00:05]} 14. O-O {[%emt 0:11:01]} Nd7 {[%emt 0:01:56]} 15. Ne4 {[%emt 0:04:54]} Nde5 {[%emt 0:03:40]} 16. Nd4 {[%emt 0:05:29]} Qd8 {[%emt 0:07:57]} 17. Rad1 {[%emt 0:09:42]} Qe7 {[%emt 0:01:35]} 18. Qc1 {[%emt 0:01:16]} Nb6 {[%emt 0:02:22]} 19. Qc5 {[%emt 0:01:16]} Qxc5 {[%emt 0:02:55]} 20. Nxc5 {[%emt 0:03:06]} a5 {[%emt 0:02:19]} 21. b3 {[%emt 0:03:47]} Rf7 {[%emt 0:05:41]} 22. e4 {[%emt 0:18:37]} Ned7 {[%emt 0:09:25]} 23. Nd3 {[%emt 0:00:42]} Ne5 {[%emt 0:00:45]} 24. Nc5 {[%emt 0:02:04]} Ned7 {[%emt 0:06:09]} 25. Nd3 {[%emt 0:00:09]} Re7 {[%emt 0:02:53]} 26. f4 {[%emt 0:01:34]} Nf8 {[%emt 0:00:28]} 27. Nc5 {[%emt 0:01:47]} Nfd7 {[%emt 0:12:21]} 28. Nd3 {[%emt 0:00:19]} Nf8 {[%emt 0:00:07]} 29. Nc5 {[%emt 0:01:38]} Nfd7 {[%emt 0:00:13]} 30. Nd3 {[%emt 0:03:49]} Nf8 {[%emt 0:00:32]} 31. Nc5 {[%emt 0:04:18]} Nfd7 {[%emt 0:09:45]} 1/2-1/2

[Event "Chelyabinskiy variant-A 2021"]
[Site "Chelyabinsk"]
[Date "2021.03.23"]
[Round "1.2"]
[White "Demchenko, Anton"]
[Black "Radzhabov, Rodion"]
[Result "1-0"]
[WhiteElo "2610"]
[BlackElo "2344"]
[Annotator "TA"]
[PlyCount "235"]
[EventDate "2021.03.23"]
[EventType "swiss"]
[EventCountry "RUS"]
[SourceTitle "playchess.com"]
[Source "ChessBase"]
[SourceQuality "1"]

{[%evp 12,235,17,6,15,0,29,27,21,18,22,25,27,31,25,24,58,54,54,46,54,28,29,34,35,28,24,17,30,6,10,8,10,5,47,27,32,27,34,33,37,36,28,35,34,5,45,36,46,0,0,0,0,0,0,0,0,0,0,0,0,0,0,0,0,0,0,0,0,0,0,0,0,-18,0,-18,0,0,0,0,0,0,0,0,0,0,0,0,0,0,0,0,0,0,0,0,0,0,0,0,0,0,0,0,0,0,0,0,0,0,0,0,0,0,0,0,0,0,0,0,0,0,0,0,0,0,0,0,0,0,0,0,0,0,0,0,0,0,0,0,0,0,0,0,0,0,0,0,0,0,0,0,0,0,0,0,0,0,0,0,0,0,0,0,0,0,0,0,0,0,0,0,0,0,0,-89,0,0,0,0,0,0,0,0,0,0,0,0,200,80,354,236,371,0,521,346,350,340,452,454,499,499,480,478,460,429,877,696,1470,1321,10162,7060,6522,6115,12808,4133,29953,6410,29958,29963,29958,10081,29961,29967,29984,29984]} 1. e4 c5 2. Nf3 e6 3. g3 Nc6 4. Bg2 Nf6 5. Qe2 d6 6. O-O Be7 7. c3 O-O {C00: French: Unusual White 2nd moves.} 8. d4 cxd4 9. cxd4 d5 {White has an edge.} 10. e5 Ne4 11. Be3 Bd7 12. Rd1 Rc8 13. Ne1 {Black must now prevent f3.} f5 14. f3 Ng5 15. Nc3 {[#]} Nf7 $146 ({Predecessor:} 15... Na5 16. Nd3 Nc4 17. Bf2 Qa5 18. Rac1 Rc7 19. h4 Nf7 20. b3 Na3 21. Nxd5 exd5 {1-0 (49) Spasov,V (2544)-Zhou,Y (2463) Sunny Beach 2015}) 16. f4 Na5 {[%cal Bc6a5,Ba5c4,Bc4a3][%mdl 32]} 17. Nd3 b6 18. Bf2 Bc6 19. h3 Nc4 20. b3 Na3 21. Rac1 Qd7 22. Bf1 a5 23. Nb2 b5 24. Nb1 Nxb1 25. Rxb1 b4 26. Rbc1 Rc7 27. Be3 Rfc8 28. Kf2 Bb7 29. Na4 {aiming for Nb6.} Rxc1 30. Bxc1 {Threatens to win with Nb6.} (30. Rxc1 {seems wilder.} Rxc1 31. Bxc1 Bc6 32. Nc5 Bxc5 33. dxc5 Nd8 34. Bb2) 30... Rc6 31. Be3 Ba6 32. Qd2 Bxf1 33. Kxf1 Qc8 34. Qd3 Nd8 35. Rd2 Qa6 36. Qxa6 Rxa6 37. Ke2 Rc6 38. Kd1 Kf7 39. Rg2 g6 40. Kd2 Rc8 41. Kd3 Nc6 42. Bd2 Na7 43. Rg1 Nb5 44. g4 Rc7 45. Rh1 h5 46. gxh5 gxh5 47. Rg1 Rc8 (47... Na3 {looks sharper.} 48. Rc1 Rxc1 49. Bxc1 Nb5 50. Bd2 Bh4) 48. Be3 Na7 (48... h4 {is more complex.} 49. Bf2 Rc7 50. Be3 Rc8) 49. Bf2 Rg8 (49... h4 {feels hotter.} 50. Nc5 Nb5 51. Na4 Rc7 52. Be3 Rc8) 50. Rxg8 Kxg8 $11 {[%mdl 4096] Endgame KBN-KBN} 51. Nb2 Kf7 52. Nd1 Nb5 53. Be1 Bd8 54. Ne3 Bb6 55. Nc2 Ke8 56. Bd2 Kd7 57. Be3 Ke8 58. Bc1 Kd7 59. Bb2 Kc6 60. Ne1 Kd7 61. Nf3 Bd8 62. Kc2 Ke8 63. Kd2 Be7 64. Kd3 Bd8 65. Bc1 Kf7 66. Bd2 Ke8 67. Be1 Kd7 68. Bh4 Bb6 69. Be1 Ba7 70. Bd2 Bb6 71. Bc1 Bd8 72. Bb2 Ke8 73. Ke3 Kf7 74. Ne1 Be7 75. Nc2 Ke8 76. Kd3 Kd7 77. Ne1 Ke8 78. Nf3 Bd8 79. Bc1 Be7 80. Bd2 Bd8 81. Be1 Kd7 82. Bh4 Bb6 83. Be1 Ba7 84. Bf2 Bb6 85. Ng1 Ke8 86. Ne2 Kf7 87. Bh4 Ke8 88. Bf6 Kf7 89. Bg5 Bc7 90. Ng3 Bb6 91. Nxh5 Nxd4 92. Ng3 Nf3 93. Bf6 (93. Ne2 $11) 93... Ne1+ (93... Ng1 $1 $17 {[%cal Rg1h3]} 94. h4 Nh3) 94. Ke2 Ng2 95. Bg5 Ne3 96. h4 Ng4 97. h5 Bc5 98. Bd8 Nf2 $1 99. Bxa5 Ne4 $2 {Black is on the road to losing.} (99... Nh3 $1 $11 {and Black is okay.}) 100. Kf3 (100. Nxe4 $18 {and the rest is easy.} fxe4 101. Bc7) 100... Nd2+ $2 {[%mdl 8192] [#]} (100... Nxg3 $16 101. Kxg3 Kg7) 101. Kg2 $1 $18 Ne4 {[#]} (101... d4 {keeps fighting.}) 102. Bc7 $2 ({Only move:} 102. Ne2 $1 $18) 102... Bf8 $2 {[%mdl 8192]} (102... d4 $1 $11 103. Nxe4 fxe4) 103. Ne2 Nc3 104. Nc1 Bc5 105. Bd6 Ne4 106. Nd3 Bxd6 107. exd6 Nxd6 108. Nxb4 {KN-KN} Nb5 (108... Kg7 $142 109. Nc6 Kh6) 109. a4 {[%cal Ba2a4,Ba4a5,Ba5a6,Ba6a7][%mdl 32]} Nd4 110. a5 Kg7 111. a6 Nb5 112. Nc6 Kh6 {[#]} 113. Nd4 $1 {[%mdl 512]} Nc7 114. a7 Kxh5 {[#]} 115. Nxe6 $1 {[%mdl 512]} Na8 116. b4 (116. Kf3 $142 Kg6 117. Nd4 Kf7 118. b4 Ke7 119. Nxf5+ Kd7 120. b5 d4 121. Nxd4) 116... Kg6 117. b5 Kf6 {[#]} 118. Nc7 $1 {[%mdl 576] Promotion.  Weighted Error Value: White=0.04/Black=0.04} 1-0

[Event "Chelyabinskiy variant-A 2021"]
[Site "Chelyabinsk"]
[Date "2021.03.23"]
[Round "1.3"]
[White "Ovod, Evgenija"]
[Black "Lysyj, Igor"]
[Result "0-1"]
[WhiteElo "2341"]
[BlackElo "2605"]
[Annotator "TA"]
[PlyCount "82"]
[EventDate "2021.03.23"]
[EventType "swiss"]
[EventCountry "RUS"]
[SourceTitle "playchess.com"]
[Source "ChessBase"]
[SourceQuality "1"]

{[%evp 14,82,20,14,13,14,21,8,9,14,6,-36,-33,-62,-52,-58,-31,-42,-37,-121,-119,-113,-125,-104,-95,-159,-156,-160,-161,-159,-147,-160,-137,-129,-129,-155,-139,-180,-171,-164,-178,-175,-170,-224,-223,-222,-221,-223,-221,-261,-240,-298,-190,-183,-162,-366,-368,-450,-441,-477,-446,-472,-436,-645,-634,-672,-659,-654,-631,-647,-647]} 1. e4 e5 2. Nf3 Nc6 3. Bc4 Bc5 4. O-O Nf6 5. d3 d6 6. c3 h6 {is the new trend.} 7. b4 {[%cal Bb2b4,Bb4b5][%mdl 32]} Bb6 8. a4 {[#] aiming for a5.} a5 {C54: Giuoco Piano: 4 c3 Nf6, main lines with 5 d4 and 5 d3.} 9. b5 Ne7 10. Be3 Bxe3 {The position is equal.} 11. fxe3 O-O {[#]} 12. Ra2 $146 ({Predecessor:} 12. Bb3 Nd7 13. Bc2 Nf6 14. c4 Be6 15. Nc3 Nd7 16. Qe2 c6 17. Bb3 f5 18. Nh4 {½-½ (33) Czerniawski,A (2436)-Kishkin,S (2457) ICCF email 2017}) 12... d5 13. exd5 Nexd5 14. Re2 Nb6 15. Nxe5 Nxc4 16. dxc4 {Black keeps a firm grip on the game.} ({White should try} 16. Nxc4 $15 Bg4 17. h3 Bxe2 18. Qxe2) 16... Qxd1 $17 17. Rxd1 Re8 18. Nf3 Ne4 19. c5 (19. Ra2 $142) 19... Nxc5 20. Rd4 b6 21. Nbd2 Bb7 22. Nf1 Re7 23. Ra2 Rae8 24. N3d2 Re6 25. c4 Rg6 26. g3 Rf6 27. h4 Bc8 28. Rf4 (28. Rd5 {was called for.}) 28... Rxf4 $19 29. gxf4 Bg4 30. Nb1 Bd1 31. Nc3 Bb3 {[%mdl 64] [#] Double Attack} 32. Ra3 Bxc4 33. Nd2 Be6 34. f5 $2 (34. Nce4) 34... Bxf5 35. Nd5 Rd8 {Black is clearly winning.} 36. Ne7+ Kf8 37. Nxf5 Rxd2 38. e4 (38. h5 $142) 38... Nxe4 39. Re3 Nc5 40. Rg3 Ne6 41. h5 Rd5 {Weighted Error Value: White=0.32/Black=0.07} 0-1

[Event "Chelyabinskiy variant-A 2021"]
[Site "Chelyabinsk"]
[Date "2021.03.23"]
[Round "1.4"]
[White "Azarov, Sergei"]
[Black "Tsoi, Dmitry"]
[Result "1-0"]
[WhiteElo "2604"]
[BlackElo "2334"]
[Annotator "TA"]
[PlyCount "81"]
[EventDate "2021.03.23"]
[EventType "swiss"]
[EventCountry "RUS"]
[SourceTitle "playchess.com"]
[Source "ChessBase"]
[SourceQuality "1"]

{[%evp 15,81,62,72,44,54,42,49,34,39,51,52,68,68,58,63,49,54,58,70,68,76,66,116,72,125,118,134,104,109,114,172,179,183,198,194,181,258,221,297,287,286,286,293,287,292,286,365,359,369,355,345,330,427,395,452,459,494,479,476,467,556,540,520,549,708,692,1501,1462]} 1. e4 d5 2. exd5 Qxd5 3. Nc3 Qa5 4. d4 Nf6 5. Nf3 Bg4 6. h3 Bxf3 7. Qxf3 c6 8. Bd2 Nbd7 9. Bd3 {B01: Scandinavian Defence.} e6 10. O-O Be7 11. Rfe1 {White is slightly better.} O-O 12. Rad1 Qb6 13. Bc1 {[#]} Nd5 $146 ({Predecessor:} 13... Rfd8 14. b3 Bb4 15. Bb2 a5 16. Na4 Qc7 17. c3 Bd6 18. c4 Rab8 19. Nc3 Bb4 {1-0 (53) Tomasi,A (2212)-Maache,J (1989) Gonfreville 2016}) 14. Nxd5 cxd5 15. h4 Qd8 16. Qh3 a6 17. h5 $40 {[%mdl 128] White attacks.} Re8 {White leaves nothing to chance now.} 18. Re2 Nf8 19. Kh1 Bf6 (19... Bd6 $142) 20. c3 $16 b5 21. a3 Qd7 22. g4 g6 (22... Bd8 $16 23. g5 Bc7) 23. f4 $18 Re7 24. Rf1 Rae8 25. Bd2 a5 (25... Qd8 $142 26. Rh2 Rc7 27. hxg6 fxg6) 26. Ref2 Qc6 27. f5 exf5 28. gxf5 g5 {intending ...h6.} 29. h6 Nd7 30. Rg2 Kf8 31. Qg3 ({Less strong is} 31. Bxg5 Bxg5 32. Rxg5 Re3 $16) 31... Re4 32. Bxg5 Bxg5 33. Qxg5 Qf6 34. Qg7+ Qxg7 35. hxg7+ {White is clearly winning.} ({Weaker is} 35. Rxg7 Rh4+ 36. Kg1 Rxh6 $14) 35... Kg8 36. Bxe4 dxe4 37. f6 Re6 38. d5 Rd6 39. a4 {[%cal Ba3a4,Ba4b5][%mdl 32]} Nxf6 40. axb5 Nd7 {[#]} 41. Rxf7 $3 {[%mdl 512] Weighted Error Value: White=0.05/Black=0.27} 1-0

[Event "Chelyabinskiy variant-A 2021"]
[Site "Chelyabinsk"]
[Date "2021.03.23"]
[Round "1.5"]
[White "Ansat, Aldiyar"]
[Black "Petrov, Nikita"]
[Result "1/2-1/2"]
[WhiteElo "2333"]
[BlackElo "2571"]
[Annotator "TA"]
[PlyCount "105"]
[EventDate "2021.03.23"]
[EventType "swiss"]
[EventCountry "RUS"]
[SourceTitle "playchess.com"]
[Source "ChessBase"]
[SourceQuality "1"]

{[%evp 10,105,37,30,36,42,44,43,53,47,59,0,0,0,0,0,0,0,0,-18,-24,-30,-24,-36,-27,-44,-52,-47,-44,-76,-78,-87,-87,-97,-88,-80,-84,-80,-89,-80,-83,-91,-89,-106,-57,-57,-55,-48,-58,-73,-32,-36,-18,-19,-20,-20,-18,-19,0,0,0,0,0,0,0,2,57,71,54,-129,0,0,0,0,0,0,0,0,0,0,0,0,0,0,0,0,0,0,0,0,0,0,0,0,0,0,0,-8]} 1. e4 e5 2. Nf3 Nc6 3. Bb5 a6 4. Ba4 Bc5 5. O-O d6 6. c3 Bg4 {C70: Ruy Lopez: 3...a6 4 Ba4, Norwegian and Delayed Schliemann.} 7. d4 Bxf3 8. gxf3 {[#]} b5 $146 {[%cal Re5d4] White is slightly better.} ({Predecessor:} 8... Ba7 9. Bxc6+ bxc6 10. dxe5 dxe5 11. Qxd8+ Rxd8 12. Be3 Bxe3 13. fxe3 Ne7 14. Na3 f6 {½-½ (27) Glantz,R (2335)-Dauth,B (2376) Germany 2015}) 9. dxc5 {Threatens to win with Bc2.} bxa4 10. Nd2 (10. cxd6 $14 Qxd6 11. Qxd6 (11. Qxa4 Nge7 $14) 11... cxd6 12. Rd1) 10... Nge7 $11 ({Don't play} 10... Qg5+ $6 11. Kh1 $16) 11. Nc4 {[%cal Rc5d6]} d5 12. exd5 Qxd5 13. Qxd5 Nxd5 14. Re1 O-O-O 15. Nxe5 {[#]} Rhe8 $1 16. Bf4 (16. Nd3 Rxe1+) 16... Re6 17. Nxc6 Rxc6 18. Be5 Rxc5 19. a3 ({Don't blunder} 19. Bxg7 $2 Rg8 $19) 19... Nb6 20. Bd4 Rb5 21. Bxb6 Rxb6 $17 {[%mdl 4096] Endgame KRR-KRR} 22. Re4 Rxb2 23. Rxa4 Rdd2 24. Rf1 Kb7 25. Kg2 Rdc2 26. Re4 Rxc3 27. Re7 Rb6 {Hoping for ...Rg6+.} 28. Rxf7 Rg6+ 29. Kh1 $1 Rxa3 30. Rb1+ Rb6 31. Rc1 Rc6 32. Rb1+ Ka7 33. Rxg7 Ra2 (33... Rxf3 {seems wilder.} 34. Kg2 Rf5 35. Rxh7 Rc2 36. Kg3 Rc3+) 34. Kg2 Rg6+ 35. Rxg6 hxg6 $11 {KR-KR} 36. h4 Ra5 37. f4 Rc5 (37... Rh5 $11) 38. Kf3 a5 39. Kg4 $2 {[#]} (39. Rg1 $14 {stays ahead.}) 39... a4 ({Black should try} 39... Ka6 $1 $17 40. Rg1 Kb5) 40. Ra1 {The position is equal.} Ra5 41. f5 Rxf5 {...Ra5 is the strong threat.} 42. Rxa4+ Kb6 43. f4 c5 44. Re4 Rf6 45. Kg5 Rc6 46. f5 gxf5 47. Kxf5 c4 48. h5 c3 49. Re1 c2 50. Rc1 Kb5 51. h6 Rxh6 52. Rxc2 Rc6 53. Rxc6 {Weighted Error Value: White=0.11/Black=0.09} 1/2-1/2

[Event "Chelyabinskiy variant-A 2021"]
[Site "Chelyabinsk"]
[Date "2021.03.23"]
[Round "1.6"]
[White "Shomoev, Anton"]
[Black "Vlassov, Nikolai"]
[Result "1-0"]
[WhiteElo "2563"]
[BlackElo "2331"]
[Annotator "TA"]
[PlyCount "131"]
[EventDate "2021.03.23"]
[EventType "swiss"]
[EventCountry "RUS"]
[SourceTitle "playchess.com"]
[Source "ChessBase"]
[SourceQuality "1"]

{[%evp 14,131,54,50,58,46,50,45,60,35,58,41,38,41,37,29,129,85,89,0,0,0,0,0,67,50,51,35,31,46,24,22,37,32,59,60,48,28,21,13,21,21,29,0,0,0,34,27,143,145,127,114,212,216,250,248,268,46,54,46,45,44,51,8,8,8,16,0,17,2,8,8,10,8,16,14,12,15,13,17,18,18,21,0,242,236,556,8,8,8,8,0,0,0,592,588,712,434,434,433,432,74,77,82,2312,2164,2165,1633,2840,2883,2388,2144,9504,6111,29972,29971,29973,29973,12358,12351]} 1. e4 c5 2. Nf3 d6 3. d4 cxd4 4. Nxd4 Nf6 5. Nc3 g6 6. Be3 Bg7 7. f3 a6 8. Qd2 h5 {B75: Sicilian Dragon: Yugoslav Attack, Miscellaneous.} 9. Bc4 Nbd7 {9...Nbd7 is better than 9...b5.} 10. O-O-O b5 {White is slightly better.} 11. Bb3 (11. Nc6 Qc7 $17) (11. Bd5 $5 Nxd5 12. Nxd5 $14) 11... Bb7 12. Rhe1 Rc8 13. Bg5 O-O 14. Bh6 {[#]} b4 $146 (14... e5 $11 {remains equal.}) ({Predecessor:} 14... Nc5 15. Bxg7 Nxb3+ 16. axb3 Kxg7 17. e5 Nh7 18. e6 f5 19. Nce2 Qb6 20. h3 b4 {1-0 (42) Roser,K (2429)-Wirig,A (2491) Mulhouse 2010}) 15. Nce2 {Strongly threatening Qg5.} e5 {[#]} 16. Qg5 exd4 $11 17. Qxg6 $1 {[%csl Gh6][%cal Rg6g7]} Ne8 {...Nc5 is the strong threat.} 18. Nxd4 Qf6 (18... Nc5 $1 $11 19. Qxh5 Nxb3+ 20. Nxb3 f5) 19. Qxf6 $14 Ndxf6 (19... Nexf6 $2 {is the wrong capture.} 20. Bxg7 Kxg7 21. Nf5+ Kh8 22. Nxd6 $18 (22. Rxd6 Rc7 $16)) 20. Nf5 {Hoping for Bxg7.} Bxh6+ 21. Nxh6+ Kg7 22. Nf5+ Kh7 23. Nxd6 Nxd6 24. Rxd6 Rc6 25. Red1 Kg7 $1 26. Ba4 Rxd6 27. Rxd6 Bc8 28. Kd2 h4 29. Ke3 Nh5 30. Rd4 Kh6 (30... a5 $11 {keeps the balance.}) 31. Rxb4 $16 Be6 32. Rd4 Bxa2 {[#]} (32... Rc8 $16 33. Rd6 a5) 33. b3 $1 $18 Rc8 34. Rd6+ f6 35. Kd2 ({And not} 35. Rxa6 Rxc2 36. g4 hxg3 $11) ({White should try} 35. c4 $18) 35... Rg8 $14 36. g4 hxg3 37. hxg3 Rxg3 38. Ke3 Rg2 39. c4 Rc2 $1 40. Kd3 Bb1 41. Rxa6 {aiming for b4.} Nf4+ 42. Ke3 Ng2+ 43. Kd4 Kg5 44. Ra5+ Kg6 45. b4 Rd2+ 46. Kc3 Rf2 47. Be8+ Kg7 48. Bh5 Nh4 $2 (48... Ne1 $11 {and Black has nothing to worry.}) 49. Ra1 $18 {[%mdl 1024] White has strong compensation.} Ba2 (49... Rf1 50. b5 Nxf3) 50. Kd4 $2 (50. b5 $18) 50... Rd2+ $1 $11 51. Ke3 Rb2 52. Kd4 {[%mdl 8192]} (52. Kd3 $11) 52... Rd2+ $18 53. Kc3 Rf2 54. b5 Nxf3 55. Bxf3 Rxf3+ {[%mdl 4096] Endgame KRB-KR} 56. Kd4 Rf2 57. b6 $2 (57. c5 $18) 57... Rb2 $16 58. c5 {Black must now prevent Rxa2!} Be6 {[%mdl 8192] Loses the game.} (58... Bf7 $16) 59. Ra7+ $18 Kg6 60. b7 Bd7 61. b8=Q Rxb8 62. Rxd7 Rb4+ 63. Kd5 f5 64. exf5+ Kxf5 65. Rf7+ Kg6 66. Rf1 {Weighted Error Value: White=0.46/Black=0.41} 1-0

[Event "Chelyabinskiy variant-A 2021"]
[Site "Chelyabinsk"]
[Date "2021.03.23"]
[Round "1.7"]
[White "Maltsevskaya, Aleksandra"]
[Black "Aleksandrov, Aleksej"]
[Result "1/2-1/2"]
[WhiteElo "2327"]
[BlackElo "2563"]
[Annotator "TA"]
[PlyCount "27"]
[EventDate "2021.03.23"]
[EventType "swiss"]
[EventCountry "RUS"]
[SourceTitle "playchess.com"]
[Source "ChessBase"]
[SourceQuality "1"]

{[%evp 23,27,0,0,0,0,0]} 1. e4 e5 2. Nf3 Nc6 3. Bb5 Nf6 4. O-O Nxe4 5. d4 Nd6 6. dxe5 Nxb5 7. a4 Nbd4 8. Nxd4 d5 9. exd6 Nxd4 10. Qxd4 Qxd6 11. Qe4+ Qe6 12. Qd4 Qd6 {[#]} 13. Qe4+ $146 {C67: Ruy Lopez: Berlin Defence: 4 0-0 Nxe4.} ({Predecessor:} 13. Qe3+ Be6 14. Nc3 Qc6 15. Nb5 Bc5 16. Qc3 O-O 17. Bf4 Rfc8 18. Nd4 Bxd4 19. Qxd4 Rd8 20. Qb4 a5 {½-½ (32) Wei,Y (2732)-Grischuk,A (2777) Chess.com INT 2020}) 13... Qe6 14. Qd4 {A rather calm draw. Not enough moves} 1/2-1/2

[Event "Chelyabinskiy variant-A 2021"]
[Site "Chelyabinsk"]
[Date "2021.03.23"]
[Round "1.8"]
[White "Frolyanov, Dmitry"]
[Black "Kononenko, Dmitry"]
[Result "1/2-1/2"]
[WhiteElo "2542"]
[BlackElo "2613"]
[Annotator "TA"]
[PlyCount "104"]
[EventDate "2021.03.23"]
[EventType "swiss"]
[EventCountry "RUS"]
[SourceTitle "playchess.com"]
[Source "ChessBase"]
[SourceQuality "1"]

{[%evp 10,104,18,-3,25,25,48,54,38,23,33,24,22,25,37,15,14,8,14,9,18,20,35,24,35,8,29,0,0,0,0,0,0,0,0,0,35,29,26,0,12,0,0,0,0,0,0,0,0,0,0,0,0,0,0,0,0,0,0,0,0,0,0,0,0,0,0,0,0,0,0,0,0,0,0,0,0,0,0,0,0,0,0,0,0,0,0,0,0,0,0,0,0,0,0,0,0]} 1. e4 {Iotov,V} c6 2. Nc3 d5 3. Nf3 Bg4 4. h3 Bxf3 5. Qxf3 e6 6. g3 g6 {B11: Caro-Kann: Two Knights Variation.} 7. d4 Bg7 8. Be3 Nf6 {[#] White is slightly better.} 9. O-O-O $146 ({Predecessor:} 9. Bg2 O-O 10. O-O Na6 11. e5 Nd7 12. Qd1 c5 13. f4 cxd4 14. Bxd4 Nb4 15. Ne2 {1-0 (37) Nakamura,H (2787)-Shankland,S (2656) Saint Louis 2016 CBM 172 [Iotov,V]}) 9... dxe4 10. Nxe4 Nxe4 11. Qxe4 Nd7 {[%cal Bb8d7,Bd7f6,Bf6d5][%mdl 32]} 12. Bg2 Nf6 13. Qd3 Nd5 14. Bd2 b5 15. Kb1 O-O 16. h4 a5 17. h5 Qf6 18. hxg6 hxg6 19. Bh6 Bxh6 ({Avoid the trap} 19... Qxf2 $2 20. Bxd5 cxd5 21. Bxg7 $18) 20. Rxh6 Kg7 $1 {[%cal Rg7h6]} 21. Qd2 Rh8 22. Rdh1 Rad8 23. a3 Rxh6 24. Qxh6+ Kg8 {The position is equal.} 25. Qd2 (25. c3 {feels hotter.} b4 26. Qh7+ Kf8 27. Qh8+ Ke7 28. Qxf6+ Kxf6 29. Kc2) 25... b4 26. axb4 axb4 27. Bxd5 Rxd5 28. Qxb4 Rxd4 $11 {[%mdl 4096] Endgame KQR-KQR} 29. Qb8+ (29. Qb7 {looks sharper.} Rd6 30. Qb8+ Rd8 31. Qc7 e5 32. Qb6) 29... Rd8 30. Qc7 e5 31. Re1 Re8 (31... Rd5 {is more complex.} 32. Qa7 Rd2 33. Qc5 Kg7 34. Rxe5 Rxf2 35. Re3 Rf5) 32. Qd7 Rd8 33. Qc7 Re8 34. Qb6 e4 35. Rd1 Kg7 36. Qe3 Rb8 {[%csl Gb8][%cal Rf6b2] [#]} 37. c3 Re8 38. Rh1 Qf5 39. g4 Qd5 40. Qh6+ Kf6 {[#] Threatens to win with ...Qd3+.} 41. Qf4+ Kg7 42. g5 {White wants to mate with Qf6+.} Qf5 43. Qh4 {Intending Qh6+ and mate.} Kf8 {aiming for ...e3+.} 44. Kc1 Rd8 45. Re1 Kg8 46. Rxe4 Qb5 {( -> ...Qf1+)} 47. Rd4 Qf1+ 48. Kd2 Rb8 49. Rb4 Rd8+ (49... Re8 $5 50. Re4 $8 Rb8 $11) 50. Rd4 Rb8 51. Rb4 Rd8+ (51... Re8 $5 52. Re4 $8 Rb8 $11) 52. Rd4 Rb8 {Weighted Error Value: White=0.03/Black=0.03} 1/2-1/2

[Event "Chelyabinskiy variant-A 2021"]
[Site "Chelyabinsk"]
[Date "2021.03.23"]
[Round "1.9"]
[White "Gevorgyan, David Sh."]
[Black "Fedorov, Alexei"]
[Result "0-1"]
[WhiteElo "2316"]
[BlackElo "2529"]
[Annotator "TA"]
[PlyCount "114"]
[EventDate "2021.03.23"]
[EventType "swiss"]
[EventCountry "RUS"]
[SourceTitle "playchess.com"]
[Source "ChessBase"]
[SourceQuality "1"]

{[%evp 11,114,46,48,35,72,53,58,46,47,52,47,56,58,37,55,43,97,85,82,58,66,62,70,63,77,67,62,70,83,39,47,0,0,0,0,0,0,0,0,0,0,-14,-15,-18,-13,-37,-18,-132,-133,-188,-188,-188,-188,-203,-203,-203,-188,-203,-188,-203,-194,-218,-218,-218,-203,-223,-218,-223,-188,-188,-188,-188,-188,-187,-188,-187,-179,-179,-179,-267,-179,-267,-267,-960,-953,-945,-945,-938,-375,-938,-922,-887,-887,-887,-878,-4610,-837,-29958,-29957,-29979,-29981,-29982,-29983,-29983,-29984]} 1. d4 Nf6 2. c4 g6 3. Nc3 Bg7 4. e4 d6 5. Nf3 Bg4 6. Be2 Nfd7 7. Be3 {E90: King's Indian: Classical: Early deviations and 6 h3.} a6 8. O-O O-O 9. Qd2 {White is slightly better. has lost popularity (9.Rc1).} e5 {[#]} 10. d5 $146 ({Predecessor:} 10. dxe5 dxe5 11. Bg5 Qc8 12. Nd5 Nc6 13. Nd4 exd4 14. Bxg4 f5 15. exf5 gxf5 16. Bh5 {1-0 (49) Thorfinnsson,B (2364)-Wang,Y (2698) Reykjavik 2008}) 10... Bxf3 11. Bxf3 f5 12. Qe2 a5 13. Rab1 Nc5 (13... Qe7 $14) 14. a3 Nb3 15. Qd1 Nd4 16. Bxd4 {Be3 is the strong threat.} exd4 17. Nb5 fxe4 18. Bxe4 Na6 19. b4 Qf6 20. Bf3 Rae8 21. Qd2 axb4 22. axb4 Qf4 23. Rfd1 d3 24. Qxf4 Rxf4 25. c5 Be5 26. Rxd3 Rxb4 $40 {[%mdl 128] Black mounts an attack.} ({Much weaker is} 26... dxc5 $6 27. bxc5 c6 28. dxc6 $16) 27. Rxb4 Nxb4 28. Re3 Ra8 {( -> ...Ra1+)} 29. g3 {[#] Black converts the advantage convincingly.} (29. Kf1 $1 $11) 29... Nc2 $1 $17 {[%cal Rc2e3]} 30. Rxe5 (30. Rb3 $17) 30... dxe5 {[%mdl 4096] Endgame KRN-KBN} 31. Be4 {[#]} c6 $1 {White must now prevent ...Ra1+.} 32. dxc6 (32. Nd6 Nb4) 32... bxc6 33. Bxc6 Ra1+ 34. Kg2 {intending Bd5+.} Nb4 35. Be4 Ra5 36. Nc3 Rxc5 37. Nd1 Kg7 38. Ne3 Na2 39. Nd5 Nc3 40. Nxc3 Rxc3 $19 {KR-KB} 41. h4 Ra3 42. Bd5 h6 43. Be4 Kf6 44. Bc6 Ra2 45. Bd5 (45. Be4 $142) 45... Rd2 46. Bb7 (46. Be4 {might work better.}) 46... Kf5 47. Bc8+ $2 {[#]} (47. Kf3) 47... Ke4 $1 {[%cal Re4d4]} 48. Bb7+ Kd4 49. Bc6 Rb2 50. Kg1 $2 (50. Kf1) 50... Kd3 51. Kf1 Rb1+ 52. Kg2 Ke2 53. Be4 Rb6 (53... Rf1 $142 54. Bxg6 Rxf2+ 55. Kh3 Ke3) 54. Kg1 Rf6 {Black mates.} 55. Bb1 g5 56. hxg5 hxg5 57. Kg2 g4 {Weighted Error Value: White=0.64/Black=0.15} 0-1